LIBRARY & INFORMATION CENTRE, KCAET, TAVANUR

ONLINE PUBLIC ACCESS CATALOGUE (OPAC)

Water resources development and planning, Vol 1 / (Record no. 5733)

MARC details
000 -LEADER
fixed length control field 00452cam a2200169ua 4500
003 - CONTROL NUMBER IDENTIFIER
control field OSt
008 - FIXED-LENGTH DATA ELEMENTS--GENERAL INFORMATION
fixed length control field 250802b |||||||| |||| 00| 0 eng d
020 ## - INTERNATIONAL STANDARD BOOK NUMBER
ISBN 81-8336-256-4
041 ## - LANGUAGE CODE
Language code of text/sound track or separate title eng
082 ## - DEWEY DECIMAL CLASSIFICATION NUMBER
Classification number 627
Item number NIG/WA
100 ## - MAIN ENTRY--AUTHOR NAME
Personal name Nigam, P S .
245 ## - TITLE STATEMENT
Title Water resources development and planning, Vol 1 /
250 ## - EDITION STATEMENT
Edition statement 1 /
260 ## - PUBLICATION, DISTRIBUTION, ETC. (IMPRINT)
Place of publication New Delhi :
Name of publisher Central Board of Irrigation and Power (CBIP) ,
Year of publication 1995.
300 ## - PHYSICAL DESCRIPTION
Number of Pages 288 ; .
942 ## - ADDED ENTRY ELEMENTS (KOHA)
Koha item type Books
Holdings
Withdrawn status Lost status Damaged status Home library Current library Date acquired Full call number Accession Number Koha item type
      KAUAET KAUAET 07/04/2012 627 NIG/WA 19860 Books
free website counter